Vyhláška Ministerstva financií Slovenskej republiky a Národnej banky Slovenska č. 390/1999 Z.z. z 21. decembra 1999 ...

Znenie vyhlášky MF SR a NBS č. 390/1999 Z.z. z 21. decembra 1999, ktorou sa vykonávajú niektoré ustanovenia Devízového zákona.

Enregistré dans:
Détails bibliographiques
Format: Chapitre de livre
Langue:slovaque
Sujets:
Tags: Ajouter un tag
Pas de tags, Soyez le premier à ajouter un tag!

MARC

LEADER 00000naa a2200000 4500
001 r037774
005 20230926082457.8
041 0 |a slo 
044 |a SK 
245 1 0 |a Vyhláška Ministerstva financií Slovenskej republiky a Národnej banky Slovenska č. 390/1999 Z.z. z 21. decembra 1999 ... 
520 |a Znenie vyhlášky MF SR a NBS č. 390/1999 Z.z. z 21. decembra 1999, ktorou sa vykonávajú niektoré ustanovenia Devízového zákona. 
610 2 0 |a devízy 
610 2 0 |a predpisy devízové 
610 2 0 |a vyhlášky 
610 2 0 |a MF SR Bratislava 
610 2 0 |a NBS Bratislava 
610 2 0 |a december 
610 2 0 |a 1999